[Event "Almansa op 7th"]
[Site "Almansa"]
[Date "2012.08.09"]
[Round "4"]
[White "Sanchez Jerez, Emilio Miguel"]
[Black "Varga, Mariano"]
[Result "0-1"]
[WhiteElo "2226"]
[BlackElo "2103"]
[PlyCount "64"]
[EventDate "2012.08.07"]
[EventType "swiss"]
[EventRounds "9"]
[EventCountry "ESP"]
[SourceTitle "CBM 149 Extra"]
[Source "ChessBase"]
[SourceDate "2012.08.24"]
[SourceVersion "1"]
[SourceVersionDate "2012.08.24"]
[SourceQuality "1"]

1. d4 Nf6 2. Nc3 d5 3. Bf4 e6 4. e3 c5 5. Nf3 Be7 6. Nb5 Na6 7. c3 0-0 8. Ne5 Ne4 9. Bd3 f6 10. Nf3 Bd7 11. a4 g5 12. Bg3 Nxg3 13. hxg3 f5 14. Ne5 Be8 15. g4 Bf6 16. gxf5 Bxe5 17. fxe6 Qb6 18. Qc2 cxd4 19. f4 Bxf4 20. Bxh7+ Kg7 21. exf4 Qxe6+ 22. Kd1 Qg4+ 23. Kc1 Qxf4+ 24. Kb1 dxc3 25. Qxc3+ Qf6 26. Nd4 Bd7 27. Bc2 Rh8 28. Re1 Rac8 29. Qd2 Rc4 30. Rd1 Nb4 31. b3 Nxc2 32. Nxc2 Rxc2 0-1

[Event "Benidorm op U2300 10th"]
[Site "Benidorm"]
[Date "2011.12.05"]
[Round "4"]
[White "Barbero Sendic, Alejandro"]
[Black "Varga, Mariano"]
[Result "1/2-1/2"]
[WhiteElo "2269"]
[BlackElo "2143"]
[PlyCount "35"]
[EventDate "2011.12.02"]
[EventType "swiss"]
[EventRounds "10"]
[EventCountry "ESP"]
[SourceTitle "CBM 145 Extra"]
[Source "ChessBase"]
[SourceDate "2012.01.03"]
[SourceVersion "1"]
[SourceVersionDate "2012.01.03"]
[SourceQuality "1"]

1. e4 c5 2. Nf3 a6 3. c4 e6 4. d4 cxd4 5. Nxd4 Nf6 6. Nc3 Bb4 7. Bd3 Nc6 8. Nxc6 bxc6 9. Qc2 e5 10. a3 Bc5 11. b4 Bd4 12. h3 0-0 13. Rb1 Nh5 14. Ne2 Qh4 15. g3 Qf6 16. Nxd4 exd4 17. Qd2 Qf3 18. Rh2 1/2-1/2

[Event "Provincial-ch Alicante"]
[Site "Valencia Elche"]
[Date "2011.10.01"]
[Round "1.4"]
[White "Vieito Soria, Luis Maria"]
[Black "Varga, Mariano"]
[Result "1-0"]
[WhiteElo "1930"]
[BlackElo "2143"]
[PlyCount "87"]
[EventDate "2011.10.01"]
[EventType "swiss"]
[EventRounds "7"]
[EventCountry "ESP"]
[SourceTitle "EXT 2024"]
[Source "ChessBase"]
[SourceDate "2023.10.10"]
[SourceVersion "1"]
[SourceVersionDate "2023.10.10"]
[SourceQuality "1"]

1. Nf3 d5 2. g3 Nf6 3. Bg2 g6 4. 0-0 Bg7 5. d3 0-0 6. Nbd2 Nc6 7. Re1 h6 8. e4 dxe4 9. dxe4 Bg4 10. h3 Be6 11. c3 Qd7 12. Kh2 Rfd8 13. Qc2 Qd3 14. Qxd3 Rxd3 15. Bf1 Rdd8 16. Kg2 Nd7 17. Nc4 Nc5 18. Be3 Nd3 19. Bxd3 Rxd3 20. Na3 a6 21. Nc2 Rdd8 22. Nfd4 Bd7 23. Rad1 e5 24. Nxc6 Bxc6 25. f3 a5 26. Bg1 f5 27. exf5 gxf5 28. Ne3 f4 29. Nf5 Bf8 30. gxf4 e4 31. Bd4 exf3+ 32. Kf2 Re8 33. Re5 Rxe5 34. fxe5 Bd7 35. Rg1+ Kh7 36. Nh4 c5 37. Be3 Re8 38. Ng6 Bg7 39. Bxc5 Bxh3 40. Nf4 Bf5 41. e6 Be4 42. Nh5 Be5 43. Re1 Rc8 44. Rxe4 1-0

[Event "Alicante op 2nd"]
[Site "Alicante"]
[Date "2010.01.05"]
[Round "9"]
[White "Varga, Mariano"]
[Black "Campos Gambuti, Luis Maria"]
[Result "0-1"]
[WhiteElo "2214"]
[BlackElo "2438"]
[PlyCount "30"]
[EventDate "2009.12.27"]
[EventType "swiss"]
[EventRounds "9"]
[EventCountry "ESP"]
[SourceTitle "CBM 134 Extra"]
[Source "ChessBase"]
[SourceDate "2010.03.03"]
[SourceVersion "1"]
[SourceVersionDate "2010.03.03"]
[SourceQuality "1"]

1. e4 d6 2. d4 Nf6 3. Nc3 e5 4. dxe5 dxe5 5. Qxd8+ Kxd8 6. Bg5 Be6 7. 0-0-0+ Kc8 8. f4 exf4 9. e5 h6 10. Bxf4 Ng4 11. Rd2 Bc5 12. Ne4 Bxg1 13. Rxg1 Nd7 14. h3 Ngxe5 15. g4 Nf3 0-1

[Event "Alicante op 2nd"]
[Site "Alicante"]
[Date "2010.01.03"]
[Round "7"]
[White "Varga, Mariano"]
[Black "Cucarella Montell, Angels"]
[Result "1-0"]
[WhiteElo "2214"]
[BlackElo "1925"]
[PlyCount "51"]
[EventDate "2009.12.27"]
[EventType "swiss"]
[EventRounds "9"]
[EventCountry "ESP"]
[SourceTitle "CBM 134 Extra"]
[Source "ChessBase"]
[SourceDate "2010.03.03"]
[SourceVersion "1"]
[SourceVersionDate "2010.03.03"]
[SourceQuality "1"]

1. d4 d5 2. Bg5 Nd7 3. e3 Ngf6 4. Nf3 e6 5. c4 Be7 6. Nc3 0-0 7. cxd5 exd5 8. Bd3 Re8 9. 0-0 c6 10. Bxf6 Nxf6 11. Ne5 Bd6 12. f4 Qe7 13. Rc1 Bd7 14. Kh1 Rac8 15. Bb1 b5 16. Qe2 a5 17. Rg1 Kh8 18. g4 Bxe5 19. dxe5 Nxg4 20. Rxg4 Bxg4 21. Qxg4 b4 22. Ne2 c5 23. Nd4 Rg8 24. Nf5 Qf8 25. Nd6 Rc7 26. Bxh7 1-0

[Event "Benidorm op U2300 08th"]
[Site "Benidorm"]
[Date "2009.11.30"]
[Round "3"]
[White "Mataix Arbona, Cesar"]
[Black "Varga, Mariano"]
[Result "1-0"]
[WhiteElo "2042"]
[BlackElo "2276"]
[PlyCount "69"]
[EventDate "2009.11.28"]
[EventType "swiss"]
[EventRounds "10"]
[EventCountry "ESP"]
[SourceTitle "CBM 133 Extra"]
[Source "ChessBase"]
[SourceDate "2010.01.05"]
[SourceVersion "1"]
[SourceVersionDate "2010.01.05"]
[SourceQuality "1"]

1. d4 d5 2. Nf3 e6 3. c4 f5 4. Nc3 Nf6 5. Bf4 c6 6. e3 Be7 7. Bd3 0-0 8. Qc2 Ne4 9. 0-0 Nd7 10. Ne5 Bf6 11. f3 Nxc3 12. Qxc3 Nxe5 13. Bxe5 Bxe5 14. dxe5 Bd7 15. Rfe1 Qe7 16. Rac1 Rfc8 17. c5 b6 18. Qd4 bxc5 19. Rxc5 a5 20. Rec1 Rcb8 21. a3 Be8 22. R1c2 Qb7 23. g4 g6 24. gxf5 exf5 25. Rg2 Qd7 26. Rg5 h6 27. Bxf5 Qe7 28. Rg2 Kh7 29. Bd3 Rb3 30. Bc2 Rb7 31. h4 h5 32. Rg5 Ra6 33. Rxh5+ Kg7 34. e6+ Qf6 35. Rh7+ 1-0

[Event "Valencia Autonomico-B"]
[Site "Valencia"]
[Date "2004.02.07"]
[Round "4.3"]
[White "Varga, Mariano"]
[Black "Vila Antunez, Joaquin"]
[Result "1/2-1/2"]
[WhiteElo "2266"]
[BlackElo "2219"]
[PlyCount "48"]
[EventDate "2004.01.17"]
[EventType "team"]
[EventRounds "5"]
[EventCountry "ESP"]
[SourceTitle "CBM 098 Extra"]
[Source "ChessBase"]
[SourceDate "2004.03.10"]
[SourceVersion "2"]
[SourceVersionDate "2004.03.10"]
[SourceQuality "1"]

1. e4 c5 2. d4 cxd4 3. c3 e6 4. cxd4 d5 5. e5 Bd7 6. Be3 Qb6 7. Qd2 Nh6 8. Nf3 Nf5 9. Bd3 Nxe3 10. fxe3 Bb5 11. Nc3 Bxd3 12. Qxd3 Be7 13. 0-0 Nc6 14. Rf2 0-0 15. Raf1 f6 16. exf6 Bxf6 17. Na4 Qc7 18. Nc5 Rae8 19. Nxe6 Rxe6 20. Ng5 Re4 21. Nxe4 dxe4 22. Qxe4 Qd7 23. a3 Re8 24. Qf4 Nxd4 1/2-1/2

[Event "Benidorm Bali op-A"]
[Site "Benidorm"]
[Date "2003.11.22"]
[Round "2"]
[White "Varga, Mariano"]
[Black "Sanchez Criado, Lluis"]
[Result "1/2-1/2"]
[WhiteElo "2266"]
[BlackElo "2180"]
[PlyCount "80"]
[EventDate "2003.11.21"]
[EventType "swiss"]
[EventRounds "9"]
[EventCountry "ESP"]
[SourceTitle "CBM 097 Extra"]
[Source "ChessBase"]
[SourceDate "2004.01.13"]
[SourceVersion "1"]
[SourceVersionDate "2004.01.13"]
[SourceQuality "1"]

1. e4 c6 2. d4 d5 3. exd5 cxd5 4. c4 Nf6 5. Nc3 Nc6 6. Bg5 e6 7. c5 Be7 8. Bb5 Bd7 9. Nf3 Ne4 10. Bxe7 Qxe7 11. Bxc6 Bxc6 12. Qc2 0-0 13. 0-0 Rfc8 14. b4 b6 15. Ne5 Nxc3 16. Nxc6 Rxc6 17. Qxc3 e5 18. Rfe1 exd4 19. Qxd4 Re6 20. Rxe6 Qxe6 21. Rd1 Rd8 22. h3 Qc6 23. Rd3 bxc5 24. bxc5 f6 25. h4 Rd7 26. h5 h6 27. Rb3 Rb7 28. Rxb7 Qxb7 29. Qf4 Qd7 30. Qb8+ Kf7 31. Qa8 Ke6 32. f4 f5 33. Qf8 d4 34. Kf2 d3 35. Qg8+ Kf6 36. Qc4 d2 37. Qc3+ Ke6 38. Qe3+ Kf6 39. Qc3+ Ke6 40. Qe3+ Kf6 1/2-1/2

[Event "Autonomico-chT"]
[Site "Aragon"]
[Date "2003.??.??"]
[Round "?"]
[White "Agullo Sanchez, Vicente"]
[Black "Varga, Mariano"]
[Result "0-1"]
[WhiteElo "2086"]
[BlackElo "2266"]
[PlyCount "84"]
[EventDate "2003.??.??"]
[EventType "team"]
[EventRounds "9"]
[EventCountry "ESP"]
[SourceTitle "EXT 2007"]
[Source "ChessBase"]
[SourceDate "2006.11.23"]
[SourceVersion "1"]
[SourceVersionDate "2006.11.23"]
[SourceQuality "1"]

1. c4 c6 2. Nf3 d5 3. g3 Bg4 4. Bg2 Nf6 5. 0-0 Nbd7 6. b3 e6 7. Bb2 Bd6 8. d3 0-0 9. Nbd2 a5 10. Re1 Qc7 11. Rc1 a4 12. cxd5 exd5 13. Qc2 axb3 14. axb3 Ra2 15. e4 Ba3 16. Rb1 Nc5 17. e5 Nfd7 18. d4 Rxb2 19. Rxb2 Bxb2 20. dxc5 Bxe5 21. Nxe5 Nxe5 22. Qc3 Nd7 23. Qd4 Nf6 24. b4 Ra8 25. Nb3 Ra2 26. Qe3 h6 27. Nd4 Qc8 28. Qb3 Qa8 29. Nc2 Qa4 30. Qxa4 Rxa4 31. b5 Rc4 32. Ne3 Rxc5 33. Nxg4 Nxg4 34. bxc6 bxc6 35. Bh3 h5 36. Re8+ Kh7 37. f3 Rc1+ 38. Kg2 Nf6 39. Re7 Kg8 40. g4 hxg4 41. fxg4 g5 42. Kf3 Rc3+ 0-1

[Event "Autonomico-chT"]
[Site "Aragon"]
[Date "2003.??.??"]
[Round "?"]
[White "Gonzalez Aguirre, Luis"]
[Black "Varga, Mariano"]
[Result "0-1"]
[WhiteElo "2254"]
[BlackElo "2266"]
[PlyCount "102"]
[EventDate "2003.??.??"]
[EventType "team"]
[EventRounds "9"]
[EventCountry "ESP"]
[SourceTitle "EXT 2007"]
[Source "ChessBase"]
[SourceDate "2006.11.23"]
[SourceVersion "1"]
[SourceVersionDate "2006.11.23"]
[SourceQuality "1"]

1. c4 Nf6 2. Nf3 g6 3. Nc3 d5 4. cxd5 Nxd5 5. e4 Nxc3 6. dxc3 Qxd1+ 7. Kxd1 f6 8. Kc2 e5 9. Be3 Be6 10. Nd2 Nd7 11. a4 Bc5 12. Bxc5 Nxc5 13. b4 Nd7 14. Bc4 Ke7 15. Bd5 Bxd5 16. exd5 a5 17. Rhb1 Nb6 18. c4 axb4 19. Rxb4 Ra7 20. Nb3 Rha8 21. d6+ Kd8 22. a5 Nd7 23. Rd1 cxd6 24. Rxd6 Ke7 25. Rd5 Rc8 26. Rdb5 Rc7 27. Kd3 Nb8 28. c5 Nc6 29. Rh4 Ke6 30. f4 Kd5 31. fxe5 fxe5 32. Ra4 Rf7 33. Ke3 Rf1 34. Rh4 h5 35. Ra4 Rb1 36. Ra2 Nd4 37. Rd2 Kc4 38. Rb6 Rxb3+ 39. Ke4 Rxb6 40. axb6 Ra5 41. Kxe5 Rxc5+ 42. Ke4 Nc6 43. Rd7 Na5 44. Rd6 Rc6 45. Rd4+ Kb5 46. g4 hxg4 47. Rd5+ Kxb6 48. Rg5 Ka6 49. Kd3 Nc4 50. Kd4 b5 51. Rxg4 b4 0-1

[Event "Benidorm op U2300 02nd"]
[Site "Benidorm"]
[Date "2002.??.??"]
[Round "7.12"]
[White "Sarto Ramos, Angel"]
[Black "Varga, Mariano"]
[Result "0-1"]
[WhiteElo "2098"]
[BlackElo "2275"]
[PlyCount "46"]
[EventDate "2002.11.22"]
[EventType "swiss"]
[EventRounds "9"]
[EventCountry "ESP"]
[SourceTitle "CBM 091 Extra"]
[Source "ChessBase"]
[SourceDate "2003.01.09"]
[SourceVersion "1"]
[SourceVersionDate "2003.01.09"]
[SourceQuality "1"]

1. c4 Nf6 2. Nc3 d5 3. cxd5 Nxd5 4. g3 g6 5. Bg2 Nb6 6. d3 Bg7 7. Be3 Nc6 8. Bxc6+ bxc6 9. Qd2 h6 10. Rc1 Nd5 11. Nf3 Nxe3 12. Qxe3 Bh3 13. b3 0-0 14. Na4 Qd5 15. Rc5 Qd6 16. Qe4 Bg2 17. Rg1 Bxf3 18. Qxf3 Qd4 19. Kd2 Qb4+ 20. Kc2 Qa3 21. Kb1 Rab8 22. Qxc6 Rb4 23. Rc2 Rxb3+ 0-1